000 00840nam a2200181 a 4500
008 110811s2009 ||||||||||||||||| || u
050 _aGOV.ZAM(02)2009/1A
110 _aGovernment of the Republic of Zambia (GRZ)
245 1 0 _aNational Anti-Corruption Policy
_cBy The Government Of the Republic of Zambia (GRZ)
260 _aLusaka
_bGovernment of the Republic of Zambia (GRZ)
_c2009
300 _aix, 27p.
350 _a0.00
650 _aANTI-CORRUPTION--POLICY
650 _aANTI-CORRUPTION
650 _aANTI-CORRUPTION--POLICY--ZAMBIA
995 _aSPECIAL COLLECTIONS
_e1641
_FCBU-MAIN LIBRARY (Kitwe)
_I0.00
_jGOV.ZAM(02)2009/1A
_M1
_UAVAILABLE
_WSep 18, 2014
_yB1641
_ZZambiana Collection
995 _aSPECIAL COLLECTIONS
_e1642
_FCBU-MAIN LIBRARY (Kitwe)
_I0.00
_jGOV.ZAM(02)2009/1B
_M2
_UAVAILABLE
_WSep 18, 2014
_yB1642
_ZZambiana Collection
999 _c78697
_d78697